Les 20 préfectures les plus proches d'Ajaccio - Statistiques

Statistiques générales
  • Ce quiz a été pris 173 fois
  • Le résultat moyen est 17 sur 20
Statistiques - réponses
distance (en km) ville préfecture % Correct
104 Bastia
98%
231 Nice
98%
315 Marseille
97%
266 Toulon
96%
529 Lyon
95%
439 Montpellier
95%
416 Nimes
90%
392 Avignon
88%
525 Saint-Etienne
88%
436 Grenoble
87%
488 Perpignan
87%
464 Chambery
86%
489 Annecy
85%
364 Gap
84%
457 Valence
84%
543 Carcassonne
80%
316 Digne les bains
79%
458 Privas
75%
513 Mende
73%
523 Le Puy en Velay
72%
Aucun quiz correspondant
Distribution des résultats
% des personnes avec chaque résultat
Percentile par nombre de réponses
Votre historique - résultats
Vous n’avez pas pris ce quiz